000 01283nam a2200253Ia 4500
001 160684
003 255585
005 20250129093553.0
008 ||||||n9999 ||| || ||
041 _aspa
082 _a347.51
100 _aMeans, Robert
_9202177
245 0 _aDesarrollo y subdesarrollo del derecho
_bCorporaciones y derecho corporativo en la Colombia del siglo XIX
250 _aPrimera edición
504 _aIncluye bibliografía e índice
520 _aEl libro del profesor Robert Charles Menas Desarrollo y subdesarrollo del Derecho. Corporaciones y derecho corporativo CI/ la Colombia del siglo XIX. trata un tema poco estudiado en el país y en América Latina: la relación entre el subdesarrollo económico y jurídico y el desarrollo de las sociedades comerciales y de las normas legales que reglamentan sus actividades. Además. Desde una óptica poco común en nuestro medio. La del Derecho comparado. Entre las normas de los países que siguen la tradición del Derecho civil y las de los que siguen la tradición del Derecho anglo-sajón.
562 _e1
650 0 _aDerecho comercial
_910745
650 _aDERECHO CORPORATIVO
_9202178
650 _aHISTORIA--COLOMBIA
_9167853
942 _cBKM
999 _c160684
_d160684
526 _a51868
526 _a1697